Manual de administrar los santos sacramentos, conforme á la reforma de Paulo V, y Urbano VIII (Record no. 8522)

MARC details
000 -CABECERA
campo de control de longitud fija 01030nam a2200217 a 4500
001 - NÚMERO DE CONTROL
campo de control BRCA_8871
005 - FECHA Y HORA DE LA ÚLTIMA TRANSACCIÓN
campo de control 20190320210437.0
008 - DATOS DE LONGITUD FIJA--INFORMACIÓN GENERAL
campo de control de longitud fija 140617s1764----mx-#######---#000-0#spa-#
041 ## - CÓDIGO DE LENGUA
Código de lengua del texto/banda sonora o título independiente spa
044 ## - CÓDIGO DEL PAÍS DE LA ENTIDAD EDITORA/PRODUCTORA
Código MARC del país mx
084 ## - OTRO NÚMERO DE CLASIFICACIÓN
Número de clasificación BE254
Número de documento/Ítem .V48 1764
100 1# - ENTRADA PRINCIPAL--NOMBRE DE PERSONA
Nombre de persona Vetancurt, Agustín de
9 (RLIN) 22090
245 10 - MENCIÓN DE TÍTULO
Título Manual de administrar los santos sacramentos, conforme á la reforma de Paulo V, y Urbano VIII
Mención de responsabilidad, etc. dispuestos por el R.P.Fr. Agustin de Ventacurt; quien se la dedica al esposo de la que es de Dios esposa, padre estimativo de el Hijo de el Eterno Padre, y glorioso patriarca Señor San Joseph.
260 ## - PUBLICACIÓN, DISTRIBUCIÓN, ETC.
Lugar de publicación, distribución, etc. Reimpresso en Mexico
Nombre del editor, distribuidor, etc. En la Imprenta de los Herederos de D. María de Rivera, calle de S. Bernardo
Fecha de publicación, distribución, etc. 1764
300 ## - DESCRIPCIÓN FÍSICA
Extensión [6], [7], 377 p.
Dimensiones 14.4 x 10.5 cm.
500 ## - NOTA GENERAL
Nota general Estado físico: presenta encuadernación en piel, con cantos decorados y con algunas hojas manchadas
650 14 - PUNTO DE ACCESO ADICIONAL DE MATERIA--TÉRMINO DE MATERIA
Término de materia o nombre geográfico como elemento de entrada Sacramentos
Subdivisión cronológica Obras anteriores a 1800
9 (RLIN) 21850
650 14 - PUNTO DE ACCESO ADICIONAL DE MATERIA--TÉRMINO DE MATERIA
Término de materia o nombre geográfico como elemento de entrada Teología
Subdivisión geográfica Obras anteriores a 1800
9 (RLIN) 22091
902 ## - CATALOGADOR
Iniciales CFM
942 ## - ELEMENTOS DE PUNTO DE ACCESO ADICIONAL (KOHA)
Fuente del sistema de clasificación o colocación Library of Congress Classification
Tipo de ítem Koha Libros
Holdings
Estado de retiro Estado de pérdida Estado dañado No para préstamo Localización permanente Ubicación/localización actual Fecha de adquisición Total de préstamos Signatura topográfica completa Código de barras Fecha visto por última vez Precio válido a partir de Tipo de ítem Koha
El ejemplar forma parte de la colección y puede ser consultado según las políticas vigentes.       Biblioteca del Museo Franz Mayer (Rogerio Casas-Alatriste) Biblioteca del Museo Franz Mayer (Rogerio Casas-Alatriste) 14/06/2017   BE254 .V48 1764 CFM00194 22/03/2019 22/03/2019 Libros